| 000 | 00729nam a2200253Ia 4500 | ||
|---|---|---|---|
| 003 | GCL | ||
| 008 | 140319s9999 xx 000 0 ara d | ||
| 040 |
_aGCL / _cGCL |
||
| 082 | 0 | 4 |
_a246 _bه ا |
| 100 | 1 | _aمحمد عاطف العراقى | |
| 245 | 1 | 0 |
_aاصل العدل عند المعتزلة / _cمحمد عاطف العراقى |
| 700 | 1 | _aهانم ابراهيم يوسف | |
| 260 |
_a[S.N] : _bدار الفكر العربى ، _c1993 |
||
| 300 | _a204 ص | ||
| 490 | _a | ||
| 650 | 0 | 4 | _aالاسلام |
| 650 | 0 | 4 | _aفلسفة |
| 650 | 0 | 4 | _aنظريات |
| 650 | 0 | 4 | _aالفرق الاسلامية |
| 650 | 0 | 4 | _aالديانات |
| 650 | 0 | 4 | _aالمعتزلة |
| 650 | 0 | 4 | _aالعدل |
| 942 |
_2ddc _cBK |
||
| 999 |
_c32470 _d32470 |
||